Wyspy w Gdańsku - Statystyki

Ogólne statystyki
  • Ten quiz został rozwiązany 21 razy
  • Średni wynik to 3 z 5
Statystyki odpowiedzi
Powierzchnia (km²) Wyspa % Poprawnych
35,79 Wyspa Sobieszewska
100%
0,24 Wyspa Spichrzów
78%
26,4 Wyspa Portowa
61%
0,0521 Ołowianka
44%
2,217 Ostrów
44%
Nie znaleziono quizów pasujących do podanych kryteriów
Rozkład punktacji
Procent ludzi z każdym wynikiem
Percentyl według liczby udzielonych odpowiedzi
Twoja historia wyników
Nie rozwiązałeś tego quizu